000
00338nam a22001577a 4500
003
SGT
020
_a
978-81-312-1127-4
082
_a
610.73691
_b
C12L
100
_a
LUCITA, MARY
245
_a
CARDIOVASCULAR NURSING
250
_a
2ND
260
_a
INDIA
_b
ELSEVIER
_c
2012
300
_a
291
650
_a
NURSING
942
_2
ddc
_c
BK
_0
3
999
_c
10802
_d
10802